[Event "GCT Paris Blitz 2021"]
[Site "Paris"]
[Date "2021.06.22"]
[Round "18"]
[White "Nepomniachtchi, Ian"]
[Black "So, Wesley"]
[Result "0-1"]
[WhiteElo "2792"]
[BlackElo "2770"]
[Annotator "TA"]
[PlyCount "90"]
[EventDate "2021.06.21"]
[EventType "tourn"]
[EventCountry "FRA"]
[SourceTitle "playchess.com"]
[Source "ChessBase"]
[SourceQuality "1"]

{[%evp 9,90,5,8,7,7,-3,-1,-9,-8,-10,0,-7,8,4,15,2,19,8,26,0,0,0,0,-13,-9,-30,
-21,-6,-12,-37,-33,-78,-52,-76,-42,-97,-77,-85,0,-42,-16,-11,-20,-98,0,0,4,0,0,
0,0,-8,0,-13,0,-19,4,8,0,-17,0,-141,-108,-123,-125,-107,-125,-213,-208,-402,
-456,-473,-406,-700,-700,-663,-277,-1797,-1730,-6322,-5916,-6515,-6387]} 1. b3
d5 2. Bb2 Nf6 3. e3 Bf5 4. Nf3 e6 5. c4 c6 6. Nc3 {A12: English Opening: 1...
c6 with b3 by White.} Nbd7 7. d4 Ne4 $5 {[%mdl 4] [#] A promising side line.}
8. a3 $146 {The position is equal.} ({Predecessor:} 8. Nxe4 Bxe4 9. Nd2 Bg6 10.
Be2 Bd6 11. O-O O-O 12. Bf3 a5 13. g3 f5 14. Qc1 {1-0 (45) Dimitrov,R (2518)
-Papadopoulos,G (2354) Kavala 2018}) 8... Bd6 9. Bd3 Nxc3 10. Bxc3 Bxd3 11.
Qxd3 Qe7 12. O-O a5 13. e4 O-O 14. Bb2 dxe4 15. Qxe4 Nf6 16. Qh4 b5 17. Bc1
bxc4 18. bxc4 c5 19. a4 Rfc8 20. Be3 cxd4 21. Bxd4 Rab8 22. Bc3 (22. Qg5 $15)
22... Bb4 $17 23. Be5 Bd6 (23... Rb7 $17) 24. Rfd1 Bxe5 25. Nxe5 Qc7 26. Qg5 {
[#]} (26. Qd4 $1 $11) 26... Qc5 (26... Ne4 $1 $17 {[%cal Re4g5]} 27. Qf4 Nc3)
27. Qf4 $11 Rb7 28. h3 h6 29. Rd3 Rcb8 30. Kh2 Rb2 31. Rf3 {Nd3 is the strong
threat.} Qc7 32. Re1 Ra2 33. Qg3 {And now Rxf6 would win.} Kh7 $1 34. Qh4 Rbb2
{Strongly threatening ...Re2.} 35. Ree3 (35. Qd4 $1 $11) 35... Re2 ({Don't
blunder} 35... Rxa4 $2 36. Rxf6 gxf6 37. Qxf6 $18) 36. Qd4 {Threatens to win
with Qd3+.} Rxf2 37. Rxf2 Rxf2 38. c5 {[#]} (38. Re1 $17 {keeps fighting.} Ra2
39. Qd1) 38... Nd5 $1 $40 {[%cal Rd5e3][%mdl 128] White is in trouble.} 39. Rg3
(39. Re1 Rf4 40. Qd3+ g6 41. Qb5) 39... Rf4 40. Qb2 Rf5 41. Nf3 (41. Nc4 $142
Nf6 42. Nd6 Rxc5 43. Ne4) 41... Nf6 42. Qb6 Rxc5 (42... Qf4 $142 43. Qd6 e5)
43. Qb1+ (43. Qxc7 Rxc7 44. Nd2) 43... Kg8 {Black is clearly winning.} 44. Nd4
Nh5 {[%mdl 64] Pin} 45. Ne2 Nxg3 {Weighted Error Value: White=0.81/Black=0.19}
0-1

[Event "GCT Paris Blitz 2021"]
[Site "Paris"]
[Date "2021.06.22"]
[Round "18"]
[White "Radjabov, Teimour"]
[Black "Kramnik, Vladimir"]
[Result "0-1"]
[WhiteElo "2765"]
[BlackElo "2753"]
[Annotator "TA"]
[PlyCount "142"]
[EventDate "2021.06.21"]
[EventType "tourn"]
[EventCountry "FRA"]
[SourceTitle "playchess.com"]
[Source "ChessBase"]
[SourceQuality "1"]

{[%evp 19,142,16,16,0,20,0,0,0,0,-16,20,13,14,15,24,10,37,28,34,12,14,13,23,0,
5,0,4,0,0,0,0,-18,-2,-17,-20,-23,-24,-20,-21,-35,-20,-51,-33,-39,-32,-32,-33,
-23,-22,-57,-54,-45,-50,-113,-111,-127,-127,-178,-138,-164,-156,-161,-164,-185,
-184,-200,-190,-227,-227,-181,-173,-206,-164,-181,-175,-171,-156,-170,-164,
-156,-168,-156,-131,-174,-187,-225,-239,-257,-246,-257,-257,-257,-125,-257,
-257,-257,-237,-12829,-12832,-12835,-12836,-12837,-12838,-12838,-12838,-12837,
-1383,-12839,0,-12836,-11141,-12838,-2322,-1425,0,-12838,-12838,-12838,-8512,
-12841,-12841,-12837,-3788,-12843,-12844]} 1. Nf3 Nf6 2. c4 c5 3. Nc3 e6 4. g3
b6 5. Bg2 Bb7 6. O-O Be7 7. d4 cxd4 8. Qxd4 O-O 9. b3 d6 10. Ba3 Na6 11. Rad1 {
[%cal Ra3d6] A30: Symmetrical English: Double Fianchetto and Hedgehog.} Nc5 12.
Bb2 a6 13. Rfe1 {The position is equal.} Rc8 14. e4 Qc7 {[#]} (14... b5 $5) 15.
e5 $146 {[%cal Re5d6]} ({Predecessor:} 15. Nd2 Qb8 16. b4 Ncd7 17. a3 Rfd8 18.
Bf1 Ne8 19. Qe3 Bf6 20. Rc1 Ba8 21. Ba1 Nc7 22. Nf3 h6 23. Red1 {1/2-1/2 (23)
Twardon,M-Cummings,D (2265) Jelenia Gora 1980}) 15... dxe5 16. Qxe5 h6 17. h4
Rfe8 18. Qxc7 Rxc7 19. Ne5 Rec8 20. Re2 Kf8 21. Red2 Bxg2 22. Kxg2 Ke8 23. f3
h5 24. Kh3 g6 25. Ne2 (25. g4 {is more complex.} Nfd7 26. Nxd7 Rxd7 27. Rxd7
Nxd7 28. Ne4) 25... Ncd7 26. Nd3 b5 27. cxb5 axb5 28. Nd4 Rb7 29. Re2 Nd5 30.
Ree1 b4 31. Rc1 Rbc7 (31... Ra8 {with more complications.} 32. Rc2 Rba7 33. Nc6
Rxa2 34. Nxe7 Kxe7 35. g4 R2a5) 32. Rxc7 Rxc7 33. Rc1 Rxc1 34. Bxc1 Nc3 35. Bd2
Nxa2 36. Nc6 (36. g4 $1 $15) 36... Nc5 $17 37. Nxc5 Bxc5 {[%mdl 4096] Endgame
KBN-KBN} 38. g4 (38. Ne5 $17 {was worth a try.}) 38... Nc3 39. Kg2 Nd5 40. Ne5
Bd6 41. Nd3 f5 42. gxh5 gxh5 43. f4 Kd7 44. Kf3 Kc6 45. Be1 Nc3 46. Ke3 Kd5 47.
Bd2 Be7 48. Be1 Na2 49. Bd2 Bxh4 {Hoping for ...Be7.} 50. Bxb4 Bf6 51. Ba5 h4
52. Kf3 Kd4 53. Nf2 {[#]} Nc1 $1 54. b4 Kc4 55. Nh3 Nb3 (55... Nd3 $19 {
has better winning chances.} 56. Kg2 Kb5) 56. Ke2 (56. Kg2 $17) 56... Nd4+ $19
57. Kf2 Nc6 58. Ng5 $2 (58. Kg2) 58... Bxg5 59. fxg5 {KB-KN} Ne5 60. Bc7 {[#]}
Ng6 $1 61. Bd6 e5 62. Kf3 Kd5 (62... e4+ $142 63. Ke3 h3) 63. Bb8 Kc4 64. Bd6
f4 65. Kg4 Kd5 (65... Kb5 $142 66. Kh3 e4) 66. Bb8 Kc4 (66... Kc6 $142 67. Ba7
e4) 67. Bd6 $1 Kb5 {Black is clearly winning.} 68. Bc5 e4 69. Bf2 e3 70. Be1
Kc4 71. Kf3 h3 {Weighted Error Value: White=0.31/Black=0.06} 0-1

[Event "GCT Paris Blitz 2021"]
[Site "Paris"]
[Date "2021.06.22"]
[Round "18"]
[White "Rapport, Richard"]
[Black "Svidler, Peter"]
[Result "1/2-1/2"]
[WhiteElo "2763"]
[BlackElo "2714"]
[Annotator "TA"]
[PlyCount "100"]
[EventDate "2021.06.21"]
[EventType "tourn"]
[EventCountry "FRA"]
[SourceTitle "playchess.com"]
[Source "ChessBase"]
[SourceQuality "1"]

{[%evp 9,100,18,33,33,117,2,31,-13,0,1,0,11,7,8,33,33,40,37,39,45,55,51,56,60,
61,27,39,35,92,86,76,42,47,41,41,14,16,20,10,5,8,1,15,15,21,12,11,0,0,0,3,3,0,
0,0,11,10,0,0,0,0,0,0,0,0,0,0,0,0,0,0,0,0,0,0,0,0,0,0,0,0,0,0,0,0,0,0,0,0,0,0,
0,0]} 1. Nf3 c5 2. c4 Nc6 3. d4 cxd4 4. Nxd4 e5 5. Nb5 Bb4+ 6. Bd2 {A30:
Symmetrical English: Double Fianchetto and Hedgehog.} a6 (6... Be7 $14) 7. N5c3
(7. Bxb4 $16 axb5 8. Bd6) 7... Nf6 8. g3 {White is slightly better.} d5 9. cxd5
Nxd5 10. Bg2 Be6 11. O-O O-O 12. Nxd5 Bxd5 {[#]} 13. Bg5 $1 Qxg5 14. Qxd5 {[#]}
Qe7 $146 ({Predecessor:} 14... Rad8 15. Qb3 Qe7 16. a3 Ba5 17. e3 e4 18. Qc4
Rfe8 19. b4 Bc7 20. Nc3 Be5 {1-0 (43) Iturrizaga Bonelli,E (2833)-Sjugirov,S 
(2834) Chess.com INT 2019}) 15. a3 $1 {[%cal Ra3b4]} Ba5 16. b4 Bb6 17. Nc3 Bd4
18. Rac1 Rac8 (18... Rad8 $14 19. Qc4 Bxc3 20. Rxc3 Nd4) 19. Na4 $16 Rfd8 20.
Qe4 g6 21. e3 Ba7 22. Rfd1 Rxd1+ {The position is equal.} 23. Rxd1 f5 24. Qc4+
Kg7 25. Qc3 Rc7 26. Qa1 Kh6 27. Nc3 Rd7 28. Bxc6 bxc6 29. Ne2 Rxd1+ 30. Qxd1 c5
31. Nc3 cxb4 32. Nd5 Qb7 33. Nxb4 Bc5 34. Nd3 Qd5 35. e4 fxe4 36. Qc1+ {
[%mdl 64] [#] Double Attack} e3 $1 37. Qxc5 exf2+ 38. Kxf2 Qxd3 39. Qxe5 Qxa3
$11 {[%mdl 4096] Endgame KQ-KQ} 40. Qf4+ Kg7 41. Qe5+ (41. Qd4+ {seems wilder.}
Kf7 42. Qc4+ Kf6 43. Qf4+ Kg7) 41... Kf7 42. Qd5+ Kf6 43. Qd4+ Ke6 44. Qe4+ Kd6
{White must now prevent ...Qc5+.} 45. Qd4+ Kc6 46. Qe4+ Kb6 47. Qe6+ Ka5 48.
Qd5+ Kb6 {...Qc5+ is the strong threat.} 49. Qe6+ Ka5 50. Qd5+ Kb6 {Weighted
Error Value: White=0.07/Black=0.08} 1/2-1/2

[Event "GCT Paris Blitz 2021"]
[Site "Paris"]
[Date "2021.06.22"]
[Round "18"]
[White "Vachier-Lagrave, Maxime"]
[Black "Aronian, Levon"]
[Result "0-1"]
[WhiteElo "2760"]
[BlackElo "2781"]
[Annotator "TA"]
[PlyCount "62"]
[EventDate "2021.06.21"]
[EventType "tourn"]
[EventCountry "FRA"]
[SourceTitle "playchess.com"]
[Source "ChessBase"]
[SourceQuality "1"]

{[%evp 17,62,37,46,21,7,11,23,18,23,6,29,18,29,21,19,32,34,33,28,0,0,0,0,-265,
123,0,242,244,201,197,248,-358,-363,-473,-479,-763,-763,-768,-769,-749,-751,
-717,-695,-855,-851,-785,-778]} 1. e4 e5 2. Nf3 Nc6 3. Bb5 a6 4. Ba4 Nf6 5. O-O
b5 6. Bb3 Bc5 7. c3 d6 8. a4 {[%cal Ba2a4,Ba4a5][%mdl 32]} Rb8 9. d4 Bb6 10. a5
{is now more promising than 10.axb5. C78: Ruy Lopez: Archangelsk and Möller
Defences.} Ba7 ({Wrong is} 10... Bxa5 $2 11. dxe5 (11. d5 Ne7 $18) 11... dxe5
12. Qxd8+ Kxd8 13. Bd5 $18 (13. Bxf7 Bb6 $16)) 11. h3 Bb7 12. Be3 {Strongly
threatening d5.White has an edge.} Nxe4 13. d5 Bxe3 14. dxc6 {[#] And now Qd5!
would win.} Nxf2 $1 15. Qe2 $36 {[%mdl 2048] White has good play.} Nxh3+ 16.
Kh1 Nf2+ 17. Rxf2 Bxf2 18. cxb7 Ba7 19. Bd5 {[#]} Qd7 $146 {Threatens to win
with ...c6.} ({Predecessor:} 19... O-O 20. b4 Qd7 21. Qe4 Kh8 22. Bc6 f5 23.
Qd5 Qe7 24. Nbd2 Rf6 25. Nf1 Rh6+ {1-0 (56) Kuybokarov,T (2549)-Urazayev,A 
(2429) Tornelo INT 2021}) 20. Qe4 $2 {[%mdl 8192] [#]} (20. Nd4 $1 $11 {
and White stays safe.} Bxd4 21. Qf3) 20... Kf8 $2 ({Black should play} 20... f5
$1 $19 {[%cal Rf5e4]} 21. Qh4 c6) 21. Ng5 (21. Nbd2 $16) 21... Qe7 (21... f5
$11 22. Qf3 Ke7) 22. Nxf7 $18 c6 23. Nxh8 Qf6 24. Ng6+ $4 {[%mdl 8192]} hxg6
$19 25. Nd2 (25. Bxc6 {is a self mate.} Ke7 26. Be8 Rxe8 27. b8=Q Rxb8 28. g3
Qf1+ 29. Kh2 Bg1+ 30. Kh1 Bf2+ 31. Kh2 Qg1+ 32. Kh3 Qxg3#) 25... Ke7 {( -> ...
Rh8+). Black is clearly winning.} ({Much less strong is} 25... cxd5 26. Qg4 $19
) 26. Nf3 (26. Be6 $142 d5 27. Qd3 Qxe6 28. Qh3) 26... cxd5 27. Qg4 Rh8+ 28.
Nh2 Qf4 29. Qxf4 exf4 30. Rf1 g5 31. Rf3 g4 {Weighted Error Value: White=0.80/
Black=0.43} 0-1